Flüsse in Österreich - Sudden Death - Statistiken

Allgemein
  • Dieses Quiz wurde 190 mal gespielt
  • Das Durchschnittsergebnis liegt bei 8 aus 18
Answers on the Grid
Answers color-coded by a green-red scale on the quiz's grid according to % correct below.
Donau
Mur
Drau
Traisen
Raab
Leitha
Kamp
Enns
Salzach
Ziller
Ill
Inn
Traun
Vils
Waag
Marne
Sieg
Tiber
Eger
Reuss
Etsch
Naab
Save
Elbe
Moldau
Ybbs
Pram
Pinka
Gurk
Mürz
 
Antwortstatistiken
Antwort % Korrekt
Inn
75%
Donau
74%
Salzach
61%
Drau
60%
Enns
56%
Mur
55%
Traun
52%
Ziller
50%
Ybbs
48%
Leitha
38%
Mürz
35%
Gurk
32%
Raab
32%
Traisen
32%
Kamp
25%
Ill
22%
Pinka
21%
Pram
15%
Keine übereinstimmenden Quizze gefunden
Verteilung der Resultate
Anzahl Personen mit jedem Resultat
Perzentil nach korrekt beantworteten Fragen
Ihre Resultats-Entwicklung
Sie haben dieses Quiz noch nicht gespielt